| 000 | 00949nam a2200193Ia 4500 | ||
|---|---|---|---|
| 008 | 081213s9999 xx 000 0 und d | ||
| 020 | _c0192132571 | ||
| 050 |
_aBS511.2 _b.M67 1988 |
||
| 100 | _aMorgan, R. | ||
| 245 |
_aBiblical Interpretation _cRobert Morgan |
||
| 260 |
_c1988 _aNew York _bOxford University Press |
||
| 300 |
_aix,342 p.; _c20cm |
||
| 500 | _aIncludes Index | ||
| 650 | _aBible Intrepretation | ||
| 942 |
_cBK _2lcc |
||
| 999 |
_c10291 _d10291 |
||